Live, Die, Buy, Eat : A Cultural History of Animals and Meat.

Bibliographic Details
Main Author: Bjørkdahl, Kristian.
Other Authors: Lykke, Karen V.
Format: eBook
Language:English
Published: Milton : Taylor & Francis Group, 2022.
Edition:1st ed.
Subjects:
Online Access:Click to View
LEADER 01451nam a22003613i 4500
001 EBC7244808
003 MiAaPQ
005 20231204023228.0
006 m o d |
007 cr cnu||||||||
008 231204s2022 xx o ||||0 eng d
020 |a 9781317188537  |q (electronic bk.) 
020 |z 9781472471789 
035 |a (MiAaPQ)EBC7244808 
035 |a (Au-PeEL)EBL7244808 
035 |a (OCoLC)1354535266 
040 |a MiAaPQ  |b eng  |e rda  |e pn  |c MiAaPQ  |d MiAaPQ 
100 1 |a Bjørkdahl, Kristian. 
245 1 0 |a Live, Die, Buy, Eat :  |b A Cultural History of Animals and Meat. 
250 |a 1st ed. 
264 1 |a Milton :  |b Taylor & Francis Group,  |c 2022. 
264 4 |c {copy}2023. 
300 |a 1 online resource (321 pages) 
336 |a text  |b txt  |2 rdacontent 
337 |a computer  |b c  |2 rdamedia 
338 |a online resource  |b cr  |2 rdacarrier 
588 |a Description based on publisher supplied metadata and other sources. 
590 |a Electronic reproduction. Ann Arbor, Michigan : ProQuest Ebook Central, 2023. Available via World Wide Web. Access may be limited to ProQuest Ebook Central affiliated libraries.  
655 4 |a Electronic books. 
700 1 |a Lykke, Karen V. 
776 0 8 |i Print version:  |a Bjørkdahl, Kristian  |t Live, Die, Buy, Eat  |d Milton : Taylor & Francis Group,c2022  |z 9781472471789 
797 2 |a ProQuest (Firm) 
856 4 0 |u https://ebookcentral.proquest.com/lib/matrademy/detail.action?docID=7244808  |z Click to View